000 01066nam a2200265Ia 4500
003 OSt
005 20220930090328.0
006 a|||||r|||| 00| 0
007 ta
008 220926b |||||||| |||| 00| 0 eng d
024 _a109252
037 _cTheses
040 _aCRL
_cCRL
_beng
041 _2eng
_aeng
100 _aGoel Sudha
_9542302
110 _aUniversity of Delhi. Faculty of Medical Sciences. National Institute of Health and Family Welfare (Department of Community Health Administration)
_9541577
245 0 _aStudy on availability and utilisation of health care facilities providing selected MCH services in urban slums of Delhi
260 _c2008
300 _a178p.
_ap.
_ccm.
650 _aCOMMUNITY HEALTH SERVICES
700 _a Dr. Madhulekha Bhattacharya Gu.
_9542303
700 _aUniversity of Delhi. Faculty of Medical Sciences. National Institute of Health and Family Welfare (Department of Community Health Administration)
_9541578
942 _cDIS
_2CC
999 _c880396
_d880396